000 01285nam0a22003251 4500
001 RU\NLR\INFOCOMM_253\5000035684
005 20250613100002.0
035 _a(NLR Aleph) 009322926
090 _a9406812
_c9406812
100 _a20100907d1990 |||y0rusy50 ca
101 0 _aeng
_drus
102 _aRU
105 _aa ||||000|y
200 1 _aMeasuring the heavy top quark width by soft gluon radiation in e⁺e⁻ → tt⁻
_fG. V. Jikia
210 _aProtvino
_cИн-т физики высок. энергий
_d1990
215 _a8 с.
_cграф.
_d22 см
225 1 _aInstitute for high energy physics
_vИФВЭ ОТФ 90-119
300 _aВ вып. дан.: Измерение ширины тяжелого t-кварка по мягкому глюонному излучению в e⁺e⁻ → tt⁻ / Г. В. Джикия
300 _aРез. на рус. яз.
300 _a"Submitted to "Phys. lett. B."
320 _aБиблиогр.: с. 8
606 _aКварки (физ. тяжёлые)
_2nlr_sh1
686 _aВ382.145
_2rubbk
700 1 _9z02790
_aDžikija
_bG. V.
_gGeorgij Varlamovič
_4070
790 1 _9z02700
_aJikia
_bG. V.
_4070
801 1 _aRU
_bNLR
_c20100907
801 0 _aRU
_bNLR
_gPSBO
852 _aNLR
_jФз01 Д-6/743
942 _cBOOK
980 _aNB